| 000 -LEADER |
| fixed length control field |
00426cam a22001337a 4500 |
| 008 - FIXED-LENGTH DATA ELEMENTS--GENERAL INFORMATION |
| fixed length control field |
180718b1961 xxu||||| |||| 00| 0 eng d |
| 082 ## - DEWEY DECIMAL CLASSIFICATION NUMBER |
| Classification number |
Z49x51 Y14 |
| 100 ## - MAIN ENTRY--PERSONAL NAME |
| Personal name |
Yamamoto, Hideo |
| 245 ## - TITLE STATEMENT |
| Title |
Development of agriculture collectivation in China |
| Statement of responsibility, etc. |
by Hideo Yamamoto |
| 260 ## - PUBLICATION, DISTRIBUTION, ETC. |
| Place of publication, distribution, etc. |
Tokyo |
| Name of publisher, distributor, etc. |
National Research Institute of Agriculture |
| Date of publication, distribution, etc. |
1961 |
| 300 ## - PHYSICAL DESCRIPTION |
| Extent |
50p |
| 440 ## - SERIES STATEMENT/ADDED ENTRY--TITLE |
| Title |
Bulletin No. 5 |
| 650 ## - SUBJECT ADDED ENTRY--TOPICAL TERM |
| Topical term or geographic name entry element |
Agriculture, Cooperative --China |